000 00592nam a22002297a 4500
003 UA-OsUOA
001 60095
007 ta
008 20090506b un ||||| |||| 00| 0 ukr d
100 _aАлешина Л.С
090 _a7.071
_bА49
942 _cBK
040 _aUA-OsUOA
_brus
_cUA-OsUOA
_dUA-OsUOA
245 _aМихай Зичи
300 _a240 с.
955 _a3
041 _arus
080 _a7.071
260 _aМ.
_bИзобразительное искуство
_c1975
650 7 _a7.0 Загальні питання мистецтва
_2UDC
999 _c346229
_d346229